书目信息 |
| 题名: |
2007全够注册咨询工程师(投资)执业资格教习全书
|
|
| 作者: | 陈宪 主编 | |
| 分册: | 下册 | |
| 出版信息: | 机械工业 2007.01 |
|
| 页数: | 621页 | |
| 开本: | 20cm | |
| 丛书名: | ||
| 单 册: | ||
| 中图分类: | F830.59 | |
| 科图分类: | ||
| 主题词: | 金融 , 银行 | |
| 电子资源: | ||
| ISBN: | 7-111-15922-5 | |
| 000 | 00734nam0 2200241 45 | |
| 001 | 0941102744 | |
| 005 | 20091013112657.46 | |
| 010 | @a7-111-15922-5@dCNY69.00 | |
| 100 | @a20090515d2007 ekmy0 y0120 ea | |
| 102 | @aCN@b130000 | |
| 102 | @aCN@b110000 | |
| 105 | @ay z 000yy | |
| 200 | 1 | @a2007全够注册咨询工程师(投资)执业资格教习全书@A2007 quan gou zhu ce zi xun gong cheng shi(tou zi)zhi ye zi ge jiao xi quan shu@h下册@f陈宪主编@Fchen xian zhu bian |
| 210 | @c机械工业@d2007.01 | |
| 210 | @a北京@c机械工业出版社 | |
| 215 | @a621页@d20cm | |
| 606 | 0 | @a金融 |
| 606 | 0 | @a银行 |
| 690 | @aF830.59@v4 | |
| 701 | 0 | @a陈宪@Achen xian@4主编 |
| 801 | 0 | @aCN@c20091013 |
| 905 | @a10447@dF830.59@eC5954:2 | |
| 906 | @d69@n2@r1 | |
| 2007全够注册咨询工程师(投资)执业资格教习全书.下册/陈宪主编.-机械工业,2007.01.-北京:机械工业出版社 |
| 621页;20cm |
| ISBN 7-111-15922-5:CNY69.00 |
| ● |
| 相关链接 |
|
|
|
正题名:2007全够注册咨询工程师(投资)执业资格教习
索取号:F830.59/C5954:2
 
预约/预借
| 序号 | 登录号 | 条形码 | 馆藏地/架位号 | 状态 | 备注 |
| 1 | 895622 | 208956227 | 社科库409/400B社科库 2排3列2层/ [索取号:F830.59/C5954:2] | 在馆 | |
| 2 | 895623 | 208956236 | 社科库409/409社科库 51排5列1层/ [索取号:F830.59/C5954:2] | 在馆 |